00423nam a2200121Ia 4500008004100000024005600041082002100097100007000118245002100188260002500209600003400234650003300268250506s9999 xx 000 0 und d a04B-024-TE, 04B-061-TE, 04B-013-TE & 04B-020-TE a621.38456072 SHU aShuja Hashmi, Faiz-ur-Rehman Khan, M. Shoaib & Syed Zeeshan Nasir 0aWIMAX Technology aKarachi:bUIT,c2004 aTelecommunication Engineering aBachelor of Engineering (BE)